|
|
|
|
| LEADER |
01610nam a2200397 i 4500 |
| 001 |
EBC5254151 |
| 003 |
MiAaPQ |
| 005 |
20200520144314.0 |
| 006 |
m o d | |
| 007 |
cr cnu|||||||| |
| 008 |
180222t20022002vaua ob 001 0 eng d |
| 020 |
|
|
|z 9781567261387
|
| 020 |
|
|
|a 9781523097371
|q (electronic bk.)
|
| 035 |
|
|
|a (MiAaPQ)EBC5254151
|
| 035 |
|
|
|a (Au-PeEL)EBL5254151
|
| 035 |
|
|
|a (CaPaEBR)ebr11504812
|
| 035 |
|
|
|a (OCoLC)1022781794
|
| 040 |
|
|
|a MiAaPQ
|b eng
|e rda
|e pn
|c MiAaPQ
|d MiAaPQ
|
| 050 |
|
4 |
|a HD69.P75
|b .G663 2002
|
| 082 |
0 |
|
|a 658.404
|2 21
|
| 100 |
1 |
|
|a Goodpasture, John C.,
|d 1943-
|e author.
|
| 245 |
1 |
0 |
|a Managing projects for value /
|c John C. Goodpasture.
|
| 264 |
|
1 |
|a Vienna, Virginia :
|b Management Concepts,
|c 2002.
|
| 264 |
|
4 |
|c 2002
|
| 300 |
|
|
|a 1 online resource (113 pages) :
|b illustrations
|
| 336 |
|
|
|a text
|2 rdacontent
|
| 337 |
|
|
|a computer
|2 rdamedia
|
| 338 |
|
|
|a online resource
|2 rdacarrier
|
| 504 |
|
|
|a Includes bibliographical references and index.
|
| 588 |
|
|
|a Description based on print version record.
|
| 590 |
|
|
|a Electronic reproduction. Ann Arbor, MI : ProQuest, 2018. Available via World Wide Web. Access may be limited to ProQuest affiliated libraries.
|
| 650 |
|
0 |
|a Project management.
|
| 655 |
|
4 |
|a Electronic books.
|
| 776 |
0 |
8 |
|i Print version:
|a Goodpasture, John C., 1943-
|t Managing projects for value.
|d Vienna, Virginia : Management Concepts, c2002
|h approximately 113 pages
|z 9781567261387
|w 2001044422
|
| 797 |
2 |
|
|a ProQuest (Firm)
|
| 856 |
4 |
0 |
|u https://ebookcentral.proquest.com/lib/matrademy/detail.action?docID=5254151
|z Click to View
|